Loading...
| Fine Arts - Painting & Sculpture | 0 | 7 | 0 | 1 | 70 | 53 | 98.71 | 1 | 5 | 0.00 | 0.00 |
| History - European | 0 | 5 | 2 | 1 | 40 | 53 | 95.80 | 1 | 4 | 0.00 | 0.00 |
| History - World | 0 | 4 | 1 | 0 | 35 | 62 | 95.00 | 0 | 3 | 0.00 | 0.00 |
| Social Science | 0 | 3 | 0 | 0 | 30 | 100 | 109.00 | 0 | 3 | 0.00 | 0.00 |
| History - Other | 0 | 3 | 0 | 0 | 30 | 67 | 82.67 | 1 | 3 | 0.00 | 0.00 |
| Literature - European | 0 | 3 | 0 | 0 | 30 | 68 | 89.67 | 1 | 3 | 0.00 | 0.00 |
| Literature - World | 0 | 4 | 2 | 1 | 30 | 70 | 102.75 | 0 | 3 | 0.00 | 0.00 |
| Mythology | 0 | 3 | 0 | 1 | 30 | 102 | 119.33 | 0 | 2 | 0.00 | 0.00 |
| Science - Other | 0 | 3 | 0 | 2 | 30 | 100 | 123.33 | 0 | 1 | 0.00 | 0.00 |
| Philosophy | 0 | 3 | 1 | 0 | 25 | 75 | 96.67 | 0 | 2 | 0.00 | 0.00 |
| Religion | 0 | 2 | 0 | 0 | 20 | 91 | 109.00 | 1 | 2 | 0.00 | 0.00 |
| Fine Arts - Other | 0 | 2 | 0 | 1 | 20 | 99 | 108.50 | 0 | 2 | 0.00 | 0.00 |
| History - American | 0 | 2 | 0 | 0 | 20 | 94 | 108.50 | 0 | 2 | 0.00 | 0.00 |
| Literature - British | 0 | 2 | 1 | 0 | 15 | 89 | 93.50 | 0 | 2 | 0.00 | 0.00 |
| Science - Chemistry | 0 | 1 | 1 | 0 | 5 | 113 | 113.00 | 0 | 1 | 0.00 | 0.00 |
| Other | 0 | 1 | 1 | 0 | 5 | 125 | 125.00 | 0 | 0 | 0.00 | 0.00 |
| Fine Arts - Classical Music | 0 | 1 | 1 | 1 | 5 | 127 | 127.00 | 0 | 0 | 0.00 | 0.00 |
| Science - Physics | 0 | 1 | 2 | 1 | 0 | 103 | 103.00 | 0 | 0 | 0.00 | 0.00 |